00471nam a22001697a 450000500170000001000170001702000250003403500170005903700160007608200080009210000190010024500450011926000480016427000380021230000280025049000230027820120105100851.0 aB-447419-423 a9788123722429c35.00 aB-447419-423 bK.K.Pub/Ven a921 aSahni, BhishamE aBalraj :bMy Brother /cby Bhisham Sahni aNew DelhibNational Book Trust, Indiac2007 aA-5 Green ParkbNew Delhie110016 a154p.bill.c21cm(pbk)  aNational Biography